|
|
|
|
| LEADER |
00887nam a2200217 a 4500 |
| 001 |
4902886 |
| 008 |
100106s1993 bg 000 0 eng d |
| 010 |
|
|
|a 93907102
|
| 020 |
|
|
|a 9840512250
|
| 040 |
|
|
|a DLC
|c DLC
|
| 082 |
0 |
0 |
|a 891/.4427
|2 20
|
| 100 |
2 |
|
|a Āla Māmuna, Ābadullāh,
|d 1942-
|
| 245 |
1 |
4 |
|a The kokilas :
|b a play in three parts /
|c Abdullah Al Mamun ; translated from the original Bengali, Kabir Chowdhury.
|
| 260 |
|
|
|a Dhaka, Bangladesh :
|b University Press Ltd.,
|c 1993.
|
| 300 |
|
|
|a 74 p. ;
|c 19 cm.
|
| 541 |
1 |
|
|e 00005873
|
| 650 |
|
0 |
|a Bengali poetry
|z Bangladesh
|x Translations into English.
|
| 700 |
1 |
|
|a Chowdhury, Kabir,
|d 1923-
|
| 852 |
4 |
|
|a Ayesha Abed Library
|j General shelf
|
| 999 |
|
|
|c 6769
|d 6769
|
| 952 |
|
|
|0 0
|1 0
|2 ddc
|4 0
|6 891_442700000000000_ALA_1993
|7 0
|9 6955
|a BRACUL
|b BRACUL
|c GEN
|d 2010-01-07
|l 3
|m 13
|o 891.4427 ALA
|p 3010005873
|r 2025-08-04
|s 2025-07-20
|t 1
|w 2010-01-07
|y BK
|